000 00326pab a2200121 454500
008 180718b xxu||||| |||| 00| 0 eng d
100 _aGoldsmith Mike
245 _aThe Europeanisation of local government
362 _a30(4-5) May 93, p.683-99
650 _aLocal Government -- Europe
773 _aUrban Studies
909 _a25016
999 _c25016
_d25016